História da literatura portuguesa (Registo nº 443)

Detalhes MARC
000 -Etiqueta do registo
Cabeçalho 00869cam a2200325 4500
005 - Identificador da versão
Campo de controlo 20240813121803.0
095 ## -
-- PTBN00389234
010 ## - Número internacional normalizado dos livros (ISBN)
Número (ISBN) 9720301708
021 ## - Número do Depósito Legal
Código do país PT
Número 56097/92
035 ## - Other System Control Numbers
System Control Number 0000458
System Control Number 0000456
System Control Number 0000456
System Control Number 0000449
100 ## - Dados gerais de processamento
Dados gerais de processamento 19920730d1992 m y0pory5003 ba
102 ## - Pais de publicação ou produção
País de publicação Portugal
101 0# - Língua de publicação
Língua do texto, banda sonora, etc. Português
106 ## - Campo de dados codificados: material textual
Dados codificados do material textual r
105 ## - Campo de dados codificados: livros
Dados codificados dos livros y z 001zy
215 ## - Descrição física 
Indicação específica da natureza do documento e extensão da espécie 1254, [2] p.
Dimensões 22 cm
200 1# - Titulo e menção de responsabilidade
Título próprio História da literatura portuguesa
Primeira menção de responsabilidade António José Saraiva, Óscar Lopes
205 ## - Menção da edição
Menção da edição 16ª. ed. corrigida e actualizada
210 ## - Publicação, Distribuição, etc. 
Lugar da edição, distribuição, etc. Porto
Nome do editor, distribuidor, etc. Porto Editora
Data da publicação, distribuição, etc. D.L. 1992
675 ## - Classificação Decimal Universal (CDU)
Notação 869.0(091)
Edição BN
Língua da edição por
701 ## - Nome de autor-pessoa física (co-responsabilidade principal)
Palavra de ordem Lopes
Outra parte do nome não tomada para palavra de ordem Óscar
Datas 1917-
Código de função Autor / Co-autor
700 ## - Nome de autor-pessoa física (responsabilidade principal)
Número de registo de entrada de autoridade 0000510
Palavra de ordem Saraiva
Outra parte do nome não tomada para palavra de ordem António José
Datas 1917-1993
942 ## - Elementos de entrada adicionados (Koha)
Tipo de item no Koha Livro
Exemplares
Situação do levantamento Origin of item (home branch) (coded) Biblioteca de empréstimo Código de barras Cota Circulation type (not for loan) Tipo de documento Nota do exemplar Damaged status
  Biblioteca Escolar Eng. Nuno Mergulhão Biblioteca Escolar Eng. Nuno Mergulhão BENM1079 821 DIC   Cativo Sem mensagem